Textbook of Biochemistry

Bibliographic Details
Main Authors: Mazur, Abraham, Harrow,Benjamin
Format: Section = Libro
Language:Undetermined
Spanish
Published: W.B. Saunders 1971
Edition:10a.ed
Subjects:
LEADER 00571nam a2200229Ia 4500
008 240830s9999 xx 000 0 und d
020 |a 0-7216-6232-3 
040 |a CEDOC FIQ-RUSB / 570 M476 
041 |a spa 
082 |a 570 M476 
100 1 |a Mazur, Abraham 
100 1 |b Harrow,Benjamin 
245 1 0 |a Textbook of Biochemistry 
250 |a 10a.ed 
260 |b W.B. Saunders  |c 1971 
300 |a 717 p.: il. 
650 7 |a CIENCIAS BIOLÓGICAS 
650 7 |b  ÁCIDOS NUCLEICOS 
650 7 |c  OXIDACIONES BIOLÓGICAS 
942 |c BK  |2 ddc 
991 |a TEXTO 
999 |c 27174